000 00307 a2200157 4500
001 59085
020 _a
040 _cAnchieta - Pituba
100 _aÉlis, Bernado
240 1 0 _aO tronco
_lpor
245 1 0 _aO tronco
300 _a256
362 0 _a1967
650 4 _aFicção brasileira
942 _cBK
999 _c59085
_d59085